Fenomén sociálního vyloučení v kontextu české společnosti

Ochrana proti chudobe a sociálnemu vylúčeniu ako súčasti revidovanej sociálnej charty Rady Európy. Koncept sociálneho vylúčenia. Pojem sociálne vylúčenie. Identifikované riziká sociálneho vylúčenia: trh práce, sociálna ochrana, vzdelávanie, zdravotná starostlivosť, bývanie. Pokračovanie v budúcom čí...

Descripción completa

Guardado en:
Detalles Bibliográficos
Autor principal: Kotýnková, Magdaléna
Formato: Capítulo de libro
Lenguaje:checo
Materias:
Etiquetas: Agregar Etiqueta
Sin Etiquetas, Sea el primero en etiquetar este registro!

MARC

LEADER 00000naa a2200000 4500
001 r033664
005 20230913070754.8
041 0 |a cze 
044 |a CZ 
245 1 0 |a Fenomén sociálního vyloučení v kontextu české společnosti  |c Magdalena Kotýnková 
520 |a Ochrana proti chudobe a sociálnemu vylúčeniu ako súčasti revidovanej sociálnej charty Rady Európy. Koncept sociálneho vylúčenia. Pojem sociálne vylúčenie. Identifikované riziká sociálneho vylúčenia: trh práce, sociálna ochrana, vzdelávanie, zdravotná starostlivosť, bývanie. Pokračovanie v budúcom čísle. 
610 2 0 |a vylúčenie sociálne 
610 2 0 |a chudoba 
610 2 0 |a Rada Európy 
610 2 0 |a pojmy 
610 2 0 |a ochrana sociálna 
610 2 0 |a trh práce 
610 2 0 |a vzdelávanie 
610 2 0 |a starostlivosť zdravotná 
610 2 0 |a bývanie 
610 2 0 |a integrácia sociálna 
610 2 0 |a Česko 
100 1 |a Kotýnková, Magdaléna